Kuroko No Basket's Characters - Statistics

General Stats
  • This quiz has been taken 1,077 times
  • The average score is 14 of 27
Answer Stats
Hint Answer % Correct
Seirin(11) - The Phantom 6th Man, Invisible Passes Tetsuya Kuroko
99%
Seirin(10) - Ace Player, Very Athletic Scorer Taiga Kagami
94%
Touo(5) - Generation of Miracles Ace, Formless Shots Daiki Aomine
87%
Kaijo(7) - Generation of Miracles, Perfect Copy Ability Ryōta Kise
87%
Shutoku(6) - Generation of Miracles, 3 Point Shooting Machine Shintarō Midorima
84%
Rakuzan(4) - Generation of Miracles Leader, Emperor's Eye Seijūrō Akashi
83%
Yosen(9) - Generation of Miracles, Enormous Height Atsushi Murasakibara
73%
Seirin(4) - Team Captain, Clutch 3 Point-Shooter Junpei Hyūga
72%
Seirin(7) - Right of Postponement, Uncrowned King Teppei Kiyoshi
62%
Seirin(5) - Eagle Eye Ability, Always Calm and Collected Shun Izuki
58%
Touo - Team Manager, Self Proclaimed Girlfriend of Kuroko Satsuki Momoi
57%
Shutoku(10) - Hawk Eye Ability, First Year Starting Point Guard Kazunari Takao
55%
Seirin(8) - Very Quiet, Hook Shot Specialist Rinnosuke Mitobe
55%
Yosen(12) - Second Ace of the Team, Kagami's Rival and Brother Tatsuya Himuro
50%
Seirin - Female Coach, Flat Chested Riko Aida
44%
Kaijo(4) - Team Captain, Short Tempered Point Guard Yukio Kasamatsu
43%
Jabberwock(8) - Second Ace of the Team, Womanizer Jason Silver
38%
Jabberwock(4) - Team Captain, Belial Eye Ability Nash Gold Jr.
37%
WNBA - Kagami and Himuro's Mentor Alexandra Garcia
32%
Rakuzan(6) - Uncrowned Kings, Accurate Shooter Reo Mibuchi
32%
Kirisaki(4) - Team Captain and Uncrowned King, Injures Opponents Makoto Hanamiya
31%
Rakuzan(7) - Uncrowned Kings, Ball Handling Specialist Kotarō Hayama
30%
Touo(4) - Team Captain, Very High I.Q. Shōichi Imayoshi
30%
Rakuzan(8) - Uncrowned Kings, Big Muscled Glutton Man Eikichi Nebuya
27%
Shutoku(4) - Team Captain, Typical Big Bodied Center Taisuke Ōtsubo
27%
Rakuzan(5) - Kuroko's Improved Version of the Team Chihiro Mayuzumi
26%
Kuroko's Childhood friend and Basketball Partner Shigehiro Ogiwara
21%
No matching quizzes found
Score Distribution
Percent of People with Each Score
Percentile by Number Answered
Your Score History
You have not taken this quiz